BUBT Library Online Catalog

Sheikh Mujibur Rahman and Birth of Bangladesh / (Record no. 7134)

000 -LEADER
fixed length control field 00727nam a22002297a 4500
003 - CONTROL NUMBER IDENTIFIER
control field BUBTL
008 - FIXED-LENGTH DATA ELEMENTS--GENERAL INFORMATION
fixed length control field 231113b ||||| |||| 00| 0 eng d
020 ## - INTERNATIONAL STANDARD BOOK NUMBER
International Standard Book Number 9789840801978
041 ## - LANGUAGE CODE
Language code of text/sound track or separate title eng
082 ## - DEWEY DECIMAL CLASSIFICATION NUMBER
Classification number 954.92/ K1277s/ 2016
100 ## - MAIN ENTRY--PERSONAL NAME
9 (RLIN) 5573
Personal name Kamal, Kazi Ahmed
245 ## - TITLE STATEMENT
Title Sheikh Mujibur Rahman and Birth of Bangladesh /
Statement of responsibility, etc. Kazi Ahmed Kamal
250 ## - EDITION STATEMENT
Edition statement 4th ed.
260 ## - PUBLICATION, DISTRIBUTION, ETC. (IMPRINT)
Place of publication, distribution, etc. Dhaka :
Name of publisher, distributor, etc. Ahmed Sarwerruddawla, Academic Press,
Date of publication, distribution, etc. C2016.
300 ## - PHYSICAL DESCRIPTION
Extent xix, 219 p. :
Dimensions 22 cm.
505 ## - FORMATTED CONTENTS NOTE
Formatted contents note Sheikh Mujibur Rahman and Birth of Bangladesh, Kamal, Kazi Ahmed, Bangabandhu
526 ## - STUDY PROGRAM INFORMATION NOTE
Program name Bangabandhu
650 #0 - SUBJECT ADDED ENTRY--TOPICAL TERM
9 (RLIN) 4372
Topical term or geographic name as entry element Bangabandhu
856 ## - ELECTRONIC LOCATION AND ACCESS
Password 0
Logon 0
Link text Download
942 ## - ADDED ENTRY ELEMENTS (KOHA)
Source of classification or shelving scheme
Koha item type Books
Holdings
Withdrawn status Lost status Source of classification or shelving scheme Damaged status Not for loan Collection code Permanent location Current location Shelving location Date acquired Source of acquisition Inventory number Total Checkouts Full call number Barcode Date last seen Copy number Price effective from Koha item type
          Non-fiction Bangladesh University of Business and Technology Library Bangladesh University of Business and Technology Library Historical Books 03/11/2020 Purchase 27117   954.92/ K1277s/ 2016 BUBTL-200327117 11/13/2023 C-1 11/13/2023 Books

More Information About Library

Library Hours

  • Open: 9.00 am. to 9.00 pm.
  • Only Sunday: 9.00 am. to 6.00 pm.
  • Closed: Holiday

Contact to the University

Bangladesh University of Business and Technology Library

  • Mirpurl-2, 1216.
  • Phone:
  • Fax:
  • E-Mail: admin.library@bubt.edu.bd

Contact to the Library

Contact Person:

Md. Abdul Hakim Shah
Joint Librarian
PABX No:  113
Cell No: 01816332931
E-mail: official: admin.library@bubt.edu.bd
Personal: hakim.shah@bubt.edu.bd


BUBT Library

Copyright © 2021